00503 a2200181 450000100060000002000150000604000240002110000230004524000310006824500260009930000130012536200090013844000150014765000310016294200070019395201040020099900170030469733 a8516035735 cAnchieta - Itaigara aMachado, Ana Maria10aEra uma vez um tiranolpor10aEra uma vez um tirano a22 [4p.]0 a2003 1aSalamandra 4aLiteratura infanto-juvenil cBK 00104070a88.1b88.1d2023-11-21l0o028.5 MAC ERAp2393/ITAr2023-11-21 20:04:25w2023-11-21yBK c69733d69733